Duel Pokémon #1 - Statistiques

Statistiques générales
  • Ce quiz a été pris 49 fois
  • Le résultat moyen est 3 sur 10
Statistiques - réponses
Question Réponse % Correct
Lequel est le plus rapide ?
60%
Qui évolue le plus tard ?
40%
Qui a le plus de PV ?
38%
Qui a la plus d' Attaque ?
33%
Qui a le plus de Défense Spéciale ?
27%
Qui a la plus grande Attaque Spéciale (c'est Méga Latias) ?
16%
Lequel de ces pokémon a le plus haut taux d'individus femelles ?
16%
Qui est le plus grand ?
13%
Lequel a la plus grande base statistique ?
9%
Qui est le plus léger ?
9%
Aucun quiz correspondant
Distribution des résultats
% des personnes avec chaque résultat
Percentile par nombre de réponses
Votre historique - résultats
Vous n’avez pas pris ce quiz